[Event "Shakhty KVU op"]
[Site "Shakhty"]
[Date "2015.02.15"]
[Round "2"]
[White "Melkonyan, Seyran"]
[Black "Prokhoda, Nikola"]
[Result "0-1"]
[WhiteElo "1803"]
[BlackElo "2057"]
[PlyCount "98"]
[EventDate "2015.02.14"]
[EventType "swiss"]
[EventRounds "9"]
[EventCountry "RUS"]
[SourceTitle "CBM 165 Extra"]
[Source "ChessBase"]
[SourceDate "2015.04.21"]
[SourceVersion "1"]
[SourceVersionDate "2015.04.21"]
[SourceQuality "1"]

1. d4 d5 2. Nf3 Nf6 3. g3 Bf5 4. Bg2 e6 5. c4 c6 6. Nbd2 Bd6 7. 0-0 0-0 8. cxd5 exd5 9. a3 Re8 10. b4 a5 11. Qa4 b5 12. Qb3 axb4 13. e3 Qe7 14. a4 Nbd7 15. Bb2 Nb6 16. axb5 cxb5 17. Ra2 Rac8 18. Rc1 Rxc1+ 19. Bxc1 Nc4 20. Ra6 Rc8 21. Qa2 Nxe3 22. Ra8 Qe8 23. Rxc8 Qxc8 24. Nb3 Nxg2 25. Kxg2 Be4 26. Be3 Ng4 27. Nc5 Bxc5 28. dxc5 Ne5 29. Qb2 Nxf3 30. Qxb4 Qc6 31. Qa5 h6 32. Qb6 Qxb6 33. cxb6 d4 34. Bc1 Nd2+ 35. Kg1 Nc4 36. Kf1 f6 37. Ke2 Kf7 38. f3 d3+ 39. Kf2 Bb7 40. Be3 Ke6 41. Bc5 g6 42. g4 Kd5 43. Be7 f5 44. h4 h5 45. gxf5 gxf5 46. Bb4 Kc6 47. Kg3 Kxb6 48. Kf4 d2 49. Bxd2 Nxd2 0-1

[Event "Azov Don Cup"]
[Site "Azov"]
[Date "2011.07.13"]
[Round "6"]
[White "Kulygin, Evgeniy"]
[Black "Prokhoda, Nikola"]
[Result "1-0"]
[WhiteElo "2118"]
[BlackElo "2200"]
[PlyCount "83"]
[EventDate "2011.07.09"]
[EventType "swiss"]
[EventRounds "9"]
[EventCountry "RUS"]
[SourceTitle "EXT 2012"]
[Source "ChessBase"]
[SourceDate "2011.11.24"]
[SourceVersion "1"]
[SourceVersionDate "2011.11.24"]
[SourceQuality "1"]

1. d4 d5 2. Nf3 Nf6 3. c4 c6 4. Qc2 e6 5. g3 Nbd7 6. Bg2 Be7 7. 0-0 0-0 8. Rd1 Qc7 9. Bf4 Bd6 10. Bxd6 Qxd6 11. Nbd2 Re8 12. e4 dxe4 13. Nxe4 Nxe4 14. Qxe4 Nf6 15. Qc2 Rb8 16. c5 Qc7 17. Ne5 Rd8 18. a3 Bd7 19. Nc4 b5 20. Nd6 Ne8 21. Ne4 h6 22. f4 f5 23. Nf2 Nf6 24. Nd3 Nd5 25. Re1 a5 26. b4 Ra8 27. Bxd5 cxd5 28. Ne5 Be8 29. Qd2 Ra7 30. Nd3 Bd7 31. Rac1 axb4 32. axb4 Ra6 33. Rc2 Rda8 34. Nc1 Ra3 35. Rb2 Rf3 36. Rb3 Ra3 37. Rxf3 Rxf3 38. Nd3 g5 39. fxg5 f4 40. Kg2 Re3 41. Rxe3 fxe3 42. Qxe3 1-0